Das Bio-Siegel - ein Faktor, der den Konsum der Öko-Nahrung Beeinflusst

Na minha lista:
Detalhes bibliográficos
Autor principal: Szołtysek, Katarzyna
Outros Autores: Kosiorowska, Małgorzata, 1978-, Dziuba, Szymon
Formato: Capítulo de Livro
Idioma:alemão
Tags: Adicionar Tag
Sem tags, seja o primeiro a adicionar uma tag!

MARC

LEADER 00000naa$a2200000$$$4500
001 0175223
005 20240502083416.7
041 0 |a ger 
044 |a CZ 
245 1 0 |a Das Bio-Siegel - ein Faktor, der den Konsum der Öko-Nahrung Beeinflusst  |c Katarzyna Szoltysek, Małgorzata Kosiorowska, Szymon Dziuba 
100 1 |a Szołtysek, Katarzyna 
700 1 |a Kosiorowska, Małgorzata, 1978- 
700 1 |a Dziuba, Szymon